Bài tập nhiệt động lực học kỹ thuật và truyền nhiệt
Sách gồm các bài tập về phương trình trạng thái, nguyên lí I, II, III của nhiệt động lực học, Entropy, phương pháp làm nhiệt động lực học, nhiệt động lực học về một số hệ vật lý. Lý thuyết nhiệt động lực học về sự cân bằng và sư...
Đã lưu trong:
| 主要作者: | |
|---|---|
| 格式: | 图书 |
| 语言: | Undetermined |
| 出版: |
Thành phố Hồ Chí Minh
Đại học kỹ thuật Thành phố Hồ Chí Minh
1996
|
| 主题: | |
| 标签: |
添加标签
没有标签, 成为第一个标记此记录!
|
| Thư viện lưu trữ: | Trung tâm Học liệu Trường Đại học Cần Thơ |
|---|
| LEADER | 01219nam a2200229Ia 4500 | ||
|---|---|---|---|
| 001 | CTU_37173 | ||
| 008 | 210402s9999 xx 000 0 und d | ||
| 082 | |a 621.402076 | ||
| 082 | |b T311 | ||
| 100 | |a Hoàng, Đình Tín | ||
| 245 | 0 | |a Bài tập nhiệt động lực học kỹ thuật và truyền nhiệt | |
| 245 | 0 | |c Hoàng Đình Tín, Bùi Hải | |
| 260 | |a Thành phố Hồ Chí Minh | ||
| 260 | |b Đại học kỹ thuật Thành phố Hồ Chí Minh | ||
| 260 | |c 1996 | ||
| 520 | |a Sách gồm các bài tập về phương trình trạng thái, nguyên lí I, II, III của nhiệt động lực học, Entropy, phương pháp làm nhiệt động lực học, nhiệt động lực học về một số hệ vật lý. Lý thuyết nhiệt động lực học về sự cân bằng và sự chuyển phát | ||
| 526 | |a Nhiệt động lực học và truyền nhiệt | ||
| 526 | |b CN139 | ||
| 650 | |a Heat,Heat engineering,Thermodynamics | ||
| 650 | |x Transmission,Problems, exercises | ||
| 904 | |i Trọng Hải | ||
| 980 | |a Trung tâm Học liệu Trường Đại học Cần Thơ | ||